Jensen's Survey of the New Testament: (Record no. 333)

000 -LEADER
fixed length control field 00666nam a2200205 a 4500
001 - CONTROL NUMBER
control field :::00013486$&:&@@
003 - CONTROL NUMBER IDENTIFIER
control field OkBaRHE
005 - DATE AND TIME OF LATEST TRANSACTION
control field 20100323204051.0
008 - FIXED-LENGTH DATA ELEMENTS--GENERAL INFORMATION
fixed length control field s1981 j 000 0 eng u
020 ## - INTERNATIONAL STANDARD BOOK NUMBER
International Standard Book Number 0802443087
040 ## - CATALOGING SOURCE
Transcribing agency
100 1# - MAIN ENTRY--PERSONAL NAME
Personal name Jensen, Irving Lester.
245 10 - TITLE STATEMENT
Title Jensen's Survey of the New Testament:
Remainder of title search and discover.
260 ## - PUBLICATION, DISTRIBUTION, ETC. (IMPRINT)
Place of publication, distribution, etc Chicago, IL., :
Name of publisher, distributor, etc Moody Press
Date of publication, distribution, etc 1981
300 ## - PHYSICAL DESCRIPTION
Extent 535 p. : illus. ;
Dimensions 24 cm.
650 ## - SUBJECT ADDED ENTRY--TOPICAL TERM
Topical term or geographic name as entry element Bible New Testament
General subdivision Text-books
730 ## - ADDED ENTRY--UNIFORM TITLE
Uniform title Survey of the New Testament
942 ## - ADDED ENTRY ELEMENTS (KOHA)
Source of classification or shelving scheme
Koha item type Books
Copies
Price effective from Date last seen Copy number Permanent Location Not for loan Lost status Koha item type Collection code Date acquired Source of classification or shelving scheme Full call number Shelving location Damaged status Barcode Withdrawn status
2010-04-142018-03-161RHEMA Bible Training College  BooksReference2010-04-14 BS 2535.2 .J46General Stacks 13486